The complete encyclopedia of crafts. (Запис № 483032)
[ простий вигляд ]
| 000 -LEADER | |
|---|---|
| fixed length control field | 01006cam a2200241Ii 4500 |
| 001 - CONTROL NUMBER | |
| control field | completeencyclop09newy |
| 003 - CONTROL NUMBER IDENTIFIER | |
| control field | CaSfIA |
| 005 - DATE AND TIME OF LATEST TRANSACTION | |
| control field | 20210117225143.0 |
| 007 - PHYSICAL DESCRIPTION FIXED FIELD--GENERAL INFORMATION | |
| fixed length control field | cr|||| |
| 008 - FIXED-LENGTH DATA ELEMENTS--GENERAL INFORMATION | |
| fixed length control field | 790309m19759999nyua 000 0 eng d |
| 040 ## - CATALOGING SOURCE | |
| Original cataloging agency | VHB |
| Transcribing agency | VHB |
| Modifying agency | TCA |
| -- | CaSfIA |
| 035 ## - SYSTEM CONTROL NUMBER | |
| System control number | (OCoLC)4729768 |
| 050 #4 - LIBRARY OF CONGRESS CALL NUMBER | |
| Classification number | NK60 |
| Item number | .C65 |
| 082 04 - DEWEY DECIMAL CLASSIFICATION NUMBER | |
| Classification number | 746 |
| Item number | C7375 |
| 245 04 - TITLE STATEMENT | |
| Title | The complete encyclopedia of crafts. |
| Medium | [electronic resource] |
| 260 ## - PUBLICATION, DISTRIBUTION, ETC. (IMPRINT) | |
| Place of publication, distribution, etc | New York : |
| Name of publisher, distributor, etc | Columbia House, |
| Date of publication, distribution, etc | c1975. |
| 300 ## - PHYSICAL DESCRIPTION | |
| Extent | v. : |
| Other physical details | ill. (some col.) ; |
| Dimensions | 28 cm. |
| 506 ## - RESTRICTIONS ON ACCESS NOTE | |
| Standardized terminology for access restriction | Необхідна авторизація на https://archive.org/ (створення облікового запису безкоштовно) |
| 506 ## - RESTRICTIONS ON ACCESS NOTE | |
| Standardized terminology for access restriction | Необхідна авторизація на https://openlibrary.org/ (створення облікового запису безкоштовно) |
| 650 #0 - SUBJECT ADDED ENTRY--TOPICAL TERM | |
| Topical term or geographic name as entry element | Handicraft. |
| 856 41 - ELECTRONIC LOCATION AND ACCESS | |
| Uniform Resource Identifier | <a href="http://www.archive.org/details/completeencyclop09newy">http://www.archive.org/details/completeencyclop09newy</a> |
| Public note | Free eBook from the Internet Archive |
| Materials specified | Volume 9 |
| 942 ## - ADDED ENTRY ELEMENTS (KOHA) | |
| Koha item type | ЕКнига |
Немає доступних примірників.